|
|
|
|
| LEADER |
00000nam a2200000Ii 4500 |
| 001 |
DIGEDUNAV0257 |
| 003 |
NyNyDIG |
| 006 |
m o d |
| 007 |
cr ||||||||||| |
| 008 |
220610s2007 sp ob 000 0 spa d |
| 035 |
|
|
|a (OCoLC)1333702065
|
| 040 |
|
|
|a DGITA
|b eng
|e rda
|e pn
|c DGITA
|
| 020 |
|
|
|z 9788431324933
|
| 041 |
1 |
|
|a spa
|h lat
|
| 050 |
1 |
4 |
|a F1411 ebook
|
| 100 |
1 |
|
|a Avendaño, Diego de,
|d 1594 or 1595-1688,
|e author.
|
| 240 |
1 |
0 |
|a Thesaurus Indicus.
|n Vol. 1,
|n Tit. 6-9.
|l Spanish
|s (Muñoz García)
|
| 245 |
1 |
0 |
|a Corregidores, encomenderos, cabildos y mercaderes :
|b Thesaurus indicus, vol. 1, Tít. VI-IX /
|c Diego de Avendaño ; introducción, texto y traducción de Ángel Muñoz García.
|
| 264 |
|
1 |
|a Pamplona, España :
|b EUNSA, Ediciones Universidad de Navarra,
|c [2007]
|
| 300 |
|
|
|a 1 online resource.
|
| 336 |
|
|
|a text
|b txt
|2 rdacontent
|
| 337 |
|
|
|a computer
|b c
|2 rdamedia
|
| 338 |
|
|
|a online resource
|b cr
|2 rdacarrier
|
| 347 |
|
|
|a text file
|2 rdaft
|
| 347 |
|
|
|b PDF
|
| 490 |
1 |
|
|a Colección de pensamiento medieval y renacentista ;
|v no. 93
|
| 504 |
|
|
|a Includes bibliographical references.
|
| 546 |
|
|
|a Translated from the original Latin.
|
| 588 |
0 |
|
|a Online resource; title from PDF title page (Digitalia, viewed June 10, 2022)
|
| 600 |
1 |
0 |
|a Avendaño, Diego de,
|d 1594 or 1595-1688.
|t Thesaurus Indicus.
|
| 650 |
|
0 |
|a Corregidores de indios
|z Latin America
|x History
|v Sources.
|
| 650 |
|
0 |
|a Encomenderos
|z Latin America
|x History
|v Sources.
|
| 650 |
|
0 |
|a Municipal government
|z Latin America
|x History
|v Sources.
|
| 650 |
|
0 |
|a Merchants
|z Latin America
|x History
|v Sources.
|
| 651 |
|
0 |
|a Latin America
|x History
|y To 1600.
|
| 651 |
|
0 |
|a Spain
|x Colonies
|x Administration
|v Sources.
|
| 655 |
|
0 |
|a Electronic books.
|
| 700 |
1 |
|
|a Muñoz García, Angel,
|e contributor agent of text,
|e translator.
|
| 700 |
1 |
|
|i Translation of:
|a Avendaño, Diego de,
|d 1594 or 1595-1688.
|t Thesaurus Indicus.
|n Vol. 1,
|n Tit. 6-9.
|
| 791 |
2 |
|
|a Digitalia (Firm),
|e distributor.
|
| 793 |
0 |
|
|g Digitalia eBook Collection:
|a Ediciones Universidad de Navarra
|
| 776 |
0 |
8 |
|i Print version:
|a Avendaño, Diego de, 1594 or 1595-1688.
|s Thesaurus Indicus. Spanish (Muñoz García).
|t Corregidores, encomenderos, cabildos y mercaderes.
|b Primera edición.
|d Pamplona, España : EUNSA, Ediciones Universidad de Navarra, [2007]
|z 9788431324933
|
| 830 |
|
0 |
|a Colección de pensamiento medieval y renacentista ;
|v núm. 93.
|
| 856 |
4 |
0 |
|3 Digitalia Hispánica
|u https://www.digitaliapublishing.com/a/51632/
|
| 910 |
|
|
|a Premium collection: 2022
|